| 000 | 00929nac a22002771i 4500 | ||
|---|---|---|---|
| 003 | EG-ScBUE | ||
| 005 | 20230117122243.0 | ||
| 008 | 230117t1991 waua f b 001 0 eng d | ||
| 020 | _a1558350403 | ||
| 040 |
_aEG-ScBUE _beng _erda _cEG-ScBUE _dEG-ScBUE |
||
| 082 | 0 | 4 |
_a749.20495 _bFIE _222 |
| 100 | 1 |
_aFiell, Charlotte, _d1965- _eauthor. |
|
| 245 | 1 | 0 |
_aModern furniture classics since 1945 / _cCharlotte Fiell and Peter Fiell. |
| 264 | 1 |
_aWashington, D.C. : _bAmerican Institute of Architects Press, _c[1991] |
|
| 264 | 4 | _cc1991 | |
| 300 |
_a192 pages : _billustrations ; _c31 cm |
||
| 336 |
_2rdacontent _atext _btxt |
||
| 337 |
_2rdamedia _aunmediated _bn |
||
| 338 |
_2rdacarrier _avolume _bnc |
||
| 504 | _aIncludes bibliographical references and index. | ||
| 650 | 7 |
_aFurniture design _xHistory _y20th century. _2BUEsh |
|
| 653 | _bART | ||
| 655 | _vReading book | ||
| 700 | 1 |
_aFiell, Peter, _eauthor. |
|
| 942 |
_cBB _2ddc |
||
| 999 |
_c4525 _d4525 |
||